书目信息 |
| 题名: |
心理学博士不会告诉你的读心术
|
|
| 作者: | 张永生 编著 | |
| 分册: | ||
| 出版信息: | 北京 新世界出版社 2010 |
|
| 页数: | 301页 | |
| 开本: | 24cm | |
| 丛书名: | ||
| 单 册: | ||
| 中图分类: | C912.1-49 | |
| 科图分类: | ||
| 主题词: | 人间交往--社会心理学--通俗读物 , 人间交往 , 社会心理学 | |
| 电子资源: | ||
| ISBN: | 978-7-5104-0942-4 | |
| 000 | 00884nam0 2200253 45 | |
| 001 | 1356803281 | |
| 005 | 20130515092152.17 | |
| 010 | @a978-7-5104-0942-4@dCNY35.80 | |
| 100 | @a20130108d2010 em y0chiy0110 ea | |
| 101 | 0 | @achi |
| 102 | @aCN@b110000 | |
| 105 | @ay z 000yy | |
| 106 | @ar | |
| 200 | 1 | @a心理学博士不会告诉你的读心术@AXin Li Xue Bo Shi Bu Hui Gao Su Ni De Dou Xin Shu@f张永生编著@FZhang Yong Sheng Bian Zhu |
| 210 | @a北京@c新世界出版社@d2010 | |
| 215 | @a301页@d24cm | |
| 330 | @a本书共分为八章,主要内容包括:洞察人生,赢取更多机会;摸清对方心理,博取对方好感;做精明人,办精明事;正确把握互惠互利,你会左右逢源等。 | |
| 606 | 0 | @a人间交往@x社会心理学@j通俗读物 |
| 606 | 0 | @a人间交往 |
| 606 | 0 | @a社会心理学 |
| 690 | @aC912.1-49@v5 | |
| 701 | 0 | @a张永生@AZhang Yong Sheng@4编著 |
| 801 | @aCN@bTANGWEI@c20130108 | |
| 905 | @b0829636-40@dC912.1@e794@f5 | |
| 心理学博士不会告诉你的读心术/张永生编著.-北京:新世界出版社,2010 |
| 301页;24cm |
| ISBN 978-7-5104-0942-4:CNY35.80 |
| 本书共分为八章,主要内容包括:洞察人生,赢取更多机会;摸清对方心理,博取对方好感;做精明人,办精明事;正确把握互惠互利,你会左右逢源等。 |
| ● |
| 相关链接 |
|
|
|
|
正题名:心理学博士不会告诉你的读心术
索取号:C912.1/794
 
预约/预借
| 序号 | 登录号 | 条形码 | 馆藏地/架位号 | 状态 | 备注 |
| 1 | 0829636 | 208296360 | 第一样本阅览室/ [索取号:C912.1/794] | 在馆 | |
| 2 | 0829637 | 208296379 | 教育系资料室/ [索取号:C912.1/794] | 在馆 | |
| 3 | 0829638 | 208296388 | 第一借阅区/ [索取号:C912.1/794] | 在馆 | |
| 4 | 0829639 | 208296397 | 第一借阅区/ [索取号:C912.1/794] | 在馆 | |
| 5 | 0829640 | 208296404 | 第一借阅区/ [索取号:C912.1/794] | 在馆 |